| 000 | 00538nam a2200157Ia 4500 | ||
|---|---|---|---|
| 008 | 200619s9999 xx 000 0 und d | ||
| 020 | _a978-0-13-510592-4 | ||
| 100 | _aBlanchard, Nick P. | ||
| 245 |
_cP. Nick Blanchard, James W. Thacker _aEffective Training : _bSystems, Strategies and Practices / |
||
| 250 | _a4th ed. | ||
| 260 |
_aUS : _bPearson Education, Inc. _c2010 |
||
| 300 | _aviii, 489 pages | ||
| 500 | _aIncludes references, glossary and index. | ||
| 650 | _aEmployees -- Training of. | ||
| 650 | _aOccupational training. | ||
| 999 |
_c363746 _d363746 |
||